| 000 | 00797nam a22002417a 4500 | ||
|---|---|---|---|
| 003 | OSt | ||
| 005 | 20220921035433.0 | ||
| 008 | 170331b xxu||||| |||| 00| 0 eng d | ||
| 020 | _a0136810160 : | ||
| 040 |
_aMMU _cMMU _dMMU _beng |
||
| 050 | 0 | 0 |
_aSB119 _b.H3 1990 |
| 082 | 0 | 0 |
_a631.5/3 _220 |
| 100 | 1 |
_aHartmann, Hudson Thomas, _d1914- |
|
| 245 | 1 | 0 |
_aPlant propagation : _bprinciples and practices / _cHudson T. Hartmann, Dale E. Kester, Fred T. Davies, Jr. |
| 250 | _a5th ed. | ||
| 260 |
_aEnglewood Cliffs, N.J. : _bPrentice Hall, _cc1990. |
||
| 300 |
_aviii, 647 p. : _bill. (some col.) ; _c27 cm. |
||
| 500 | _aIncludes bibliographical references and indexes. | ||
| 650 | 0 | _aPlant propagation. | |
| 700 | 1 | _aKester, Dale E. | |
| 700 | 1 |
_aDavies, Fred T., _d1949- |
|
| 942 |
_2lcc _cLOAN LOAN |
||
| 999 |
_c26589 _d26589 |
||